00738na a2200217 450000100060000000300080000600500170001400800410003103500100007204000250008204100080010708200250011524501530014026000330029330000230032650400200034965000240036965000350039370000190042883000730044717856MIRAKIL20181213155044.0161212b tu 000 0  a17856 aMilasbturcTR-AnCHP atur a331.2596bİ71 1989 aİşçinin feshe karşı korunması (İŞ güvencesi) ve Türkiye için bir model önerisicHazırlayanlar Devrim Ulucan, ... [ve öte.] aİstanbulb[yayl. y.]c1989 a116, 4 s. c27 sm. aKaynakça var. aİşçi hakları aİş güvencesixÖneriler aUlucan, Devrim aTürkiye Sosyal Ekonomik Siyasal Araştırmalar Vakfı Yayınları